Normal view
MARC view
- Every Man a Tiger
Entry Topical Term
001 - CONTROL NUMBER
- control field: 108990
003 - CONTROL NUMBER IDENTIFIER
- control field: NUST
005 - DATE AND TIME OF LATEST TRANSACTION
- control field: 20230213120806.0
008 - FIXED-LENGTH DATA ELEMENTS
- fixed length control field: 230213|| aca||aabn | a|a d
040 ## - CATALOGING SOURCE
- Original cataloging agency: NUST
- Transcribing agency: NUST
150 ## - HEADING--TOPICAL TERM
- Topical term or geographic name entry element: Every Man a Tiger
670 ## - SOURCE DATA FOUND
- Source citation: Work cat.: (NUST)186530: Tom Clancy 9424, Every Man a Tiger /, 1999
